Psicología de la música y educación musical

Na minha lista:
Detalhes bibliográficos
Autor principal: Lacárcel Moreno, Josefa (Autor)
Formato: Livro
Idioma:espanhol
Publicado em: Madrid Visor 1995
coleção:Aprendizaje, 116
Assuntos:
Tags: Adicionar Tag
Sem tags, seja o primeiro a adicionar uma tag!

MARC

LEADER 00000nam a2200000 a 4500
001 UCH6453
003 CL-VaPUC
008 091109e19950000SP |||||||||||||||||spa|d
020 |a 8477741166 
082 0 4 |a 780.7  |b LAC  |2 21 
100 |a Lacárcel Moreno, Josefa  |e author  |9 542986 
245 1 0 |a Psicología de la música y educación musical 
300 |a 166 p 
942 |c BK 
945 |d 20091109 00:00:00  |a ccalabra 
260 |a Madrid  |b Visor  |c 1995 
650 0 |a Música  |9 306269 
650 0 |a Educación musical   |9 310072 
650 7 |a PSICOLOGIA MUSICAL  |2 CL-VaPUC  |9 542987 
650 0 |a Psicometría  |9 260694 
650 0 |a Psicología cognitiva   |9 306250 
650 0 |a Psicología del desarrollo  |9 307541 
650 7 |a RITMO MUSICAL  |2 CL-VaPUC  |9 542988 
583 |a last modification  |c 20091109 00:00:00  |k Rodrigo Vera 
490 0 |a Aprendizaje, 116 
999 |c 337336  |d 337334